000 00450nam a2200193Ia 4500
005 20240823050436.0
008 240823s9999||||xx |||||||||||||| ||und||
020 _a978-0333-92473-4
041 _aENGLISH
082 _A809.034 Q3
100 _aHarry Blamires
245 2 _aA History of Literary Criticism
250 _a1st
260 _c2013
_bMacmillan & C
500 _aYES
650 _aHistory
_bGeneral
942 _cBK
999 _c217263
_d217263